Sociálne súvislosti inflácie

Základné poznatky a možné dôsledky zmien cenovej hladiny na ekonomický systém. Zdroje inflačných tlakov na Slovensku. Najsledovanejšie makroekonomické ukazovatele, ktoré odrážajú úroveň hospodárskej politiky. Dopad na ekonomiku a sociálnu situáciu obyvateľstva.

Enregistré dans:
Détails bibliographiques
Auteur principal: Poláčková, Hana, 1968-
Format: Chapitre de livre
Langue:slovaque
Sujets:
Tags: Ajouter un tag
Pas de tags, Soyez le premier à ajouter un tag!

MARC

LEADER 00000nla$a2200000$$$4500
001 0114900
005 20240502072302.2
041 0 |a slo 
044 |a SK 
245 1 0 |a Sociálne súvislosti inflácie  |c Hana Poláčková 
520 |a Základné poznatky a možné dôsledky zmien cenovej hladiny na ekonomický systém. Zdroje inflačných tlakov na Slovensku. Najsledovanejšie makroekonomické ukazovatele, ktoré odrážajú úroveň hospodárskej politiky. Dopad na ekonomiku a sociálnu situáciu obyvateľstva. 
610 2 0 |a história 
610 2 0 |a inflácia 
610 2 0 |a hladina cenová 
610 2 0 |a volatilita 
610 2 0 |a politika menová 
610 2 0 |a ukazovatele makroekonomické 
610 2 0 |a dôsledky sociálne 
100 1 |a Poláčková, Hana, 1968-